000 00537nam a2200193 i 4500
001 14817
003 ES-MaACL
005 20230906150911.0
007 t|
008 990614s1993 cu ||||1| spa d
020 _a968-6957-05-7
080 _a37.011
100 1 _aKrishnamurti, J.
_968859
245 1 3 _aLa educación y el significado de la vida /
_cpor J. Krishnamurti.
260 _aMéxico :
_bOrion,
_c1993.
300 _a149 p. ;
_c17 cm.
650 4 _aEducación-
_xFilosofía.
_912079
852 _aES-MaACL
_jL-21979
_bR.124627
999 _c14817
_d14817